Countries With V in Their Name - Statistics

General Stats
  • This quiz has been taken 1,632 times
    1,595 since last reset
  • The average score is 14 of 18
Answer Stats
Continent Country % Correct
South America Venezuela
97%
Oceania Vanuatu
95%
Europe Vatican City
93%
Asia Vietnam
93%
South America Bolivia
85%
Europe Slovenia
80%
Oceania Tuvalu
80%
Europe Slovakia
78%
Europe Latvia
77%
North America Saint Vincent and the Grenadines
77%
Europe Bosnia and Herzegovina
70%
Europe Moldova
69%
North America Saint Kitts and Nevis
69%
Europe Kosovo
65%
North America El Salvador
64%
Africa Ivory Coast (Côte d'Ivoire)
56%
Africa Cape Verde (Cabo Verde)
54%
Asia Maldives
50%
No matching quizzes found
Score Distribution
Percent of People with Each Score
Percentile by Number Answered
Your Score History
You have not taken this quiz since the last reset